Teoria da Proibiȯ̂ de Bis In Idem no Direito Tributr̀io e Sancionador Tributr̀io

Bibliographic Details
Main Author: Brun Goldschimidt, Fabio
Format: eBook
Language:Portuguese
Published: San Pablo: Editora Noeses, 2014
Subjects:
Online Access:Acceso restringido

MARC

LEADER 00000nam a22000007a 4500
005 2021110908008.0
007 cr|||| ||||
008 211109s2014 br |||||s|||| 00||0 por d
020 |a 978-85-8310-024-9 
035 |a 35368 
040 |a vLex 
090 |c 12642  |d 12642 
100 1 |a Brun Goldschimidt, Fabio 
245 1 0 |a Teoria da Proibiȯ̂ de Bis In Idem no Direito Tributr̀io e Sancionador Tributr̀io  |h [Recurso electrn̤ico] /  |c Fabio Brun Goldschimidt 
256 |a Servicio en ln̕ea 
260 |a San Pablo:  |b Editora Noeses,  |c 2014 
300 |a 1 recurso electrn̤ico 
506 1 |a Disponible solo en los productos indicados  |d vLex Global  |d vLex Global (Academic Edition, excluding Law Schools)  |d vLex Global (U.S. Academic Edition, Law Schools)  |d vLex Global (U.S. Academic Edition, excluding Law Schools)  |d vLex Global (Academic Edition, Law Schools) 
650 0 4 |a Derecho Tributario  |z Brasil 
740 0 |a vLex Libros (Servicio en ln̕ea) 
856 4 0 |u https://app.vlex.com/#/sources/35368  |z Acceso restringido 
942 |c BOOK 
999 0 |a Tax Law